Změny podnikatelského prostředí a jejich dopad na hodnocení výkonnosti firem

Kritickou úlohou manažérskeho účtovníctva je kontinuálne hodnotenie pozície firmy s cieľom neustále hľadať možnosti zlepšenia - rozvojový potenciál. Rola manažérskeho účtovníctva pri identifikácii procesov pridávajúcim hodnotu. Adaptácia pre potreby optimálneho rozhodovania. Zmeny podnikateľského p...

Descrizione completa

Salvato in:
Dettagli Bibliografici
Autore principale: Staňková, Anna
Altri autori: Pichanič, Mikuláš
Natura: Capitolo di libro
Lingua:ceco
Soggetti:
Tags: Aggiungi Tag
Nessun Tag, puoi essere il primo ad aggiungerne!!

MARC

LEADER 00000naa$a2200000$$$4500
001 0014823
005 20221019095000.9
041 0 |a cze 
044 |a SK 
245 1 0 |a Změny podnikatelského prostředí a jejich dopad na hodnocení výkonnosti firem  |c aut. Anna Staňková, Mikuláš Pichanič 
520 |a Kritickou úlohou manažérskeho účtovníctva je kontinuálne hodnotenie pozície firmy s cieľom neustále hľadať možnosti zlepšenia - rozvojový potenciál. Rola manažérskeho účtovníctva pri identifikácii procesov pridávajúcim hodnotu. Adaptácia pre potreby optimálneho rozhodovania. Zmeny podnikateľského prostredia, ktoré ovplyvňujú manažérske prostredie. Metódy priebežného rozhodovania (kaizen budgeting, benchmarking). Definovanie rozvojového potenciálu firmy ako súboru šiestich faktorov hmotnej i nehmotnej povahy. 
610 2 0 |a prostredie podnikateľské 
610 2 0 |a zmeny technologické 
610 2 0 |a konkurencia trhová 
610 2 0 |a rozhodovanie manažérske 
610 2 0 |a účtovníctvo manažérske 
610 2 0 |a benchmarking 
610 2 0 |a výkonnosť 
100 1 |a Staňková, Anna 
700 1 |a Pichanič, Mikuláš